000
00309nam a2200109Ia 4500
008
220204s9999 xx 000 0 und d
082
_a
62(03)
_b
LOD
100
_a
Lodewijk, T
245
0
_a
Way things work: An illustrated encyclopedia of technology
260
_a
New York
_b
Simon and Schuster
_c
1973
942
_c
BK
999
_c
27675
_d
27675